| Tag |
First Indicator |
Second Indicator |
Subfields |
| LEADER |
00000cem a2200000 a 4500 |
| 001 |
in00001402773 |
| 005 |
20151020052151.0 |
| 007 |
aj canzn |
| 008 |
970821s1996 mdufgekbd a f 0 eng d |
| 010 |
|
|
|a gp 97067404
|
| 034 |
0 |
|
|a a
|
| 035 |
|
|
|a (OCoLC)37507168
|
| 035 |
|
|
|9 AHM2887AM
|
| 037 |
|
|
|a NSN 7642-01-401-1821
|b DOD
|
| 037 |
|
|
|a 22 BHA 22221
|b DMA
|
| 040 |
|
|
|a GPO
|c GPO
|d DLC
|d MvI
|d UtOrBLW
|
| 052 |
|
|
|a 5332
|b C6
|
| 052 |
|
|
|a 9250
|
| 074 |
|
|
|a 0378-E-22
|
| 086 |
0 |
|
|a D 5.356:22221/996
|
| 110 |
1 |
|
|a United States.
|b Defense Mapping Agency.
|
| 245 |
1 |
0 |
|a South America, Chile--west coast, plans on the coast of Chile.
|
| 246 |
3 |
0 |
|a Plans on the coast of Chile
|
| 250 |
|
|
|a 20th ed., Aug. 31, 1996 (Correct through NM 35/96).
|
| 255 |
|
|
|a Scales differ ;
|b Mercator proj.
|
| 264 |
|
1 |
|a [Bethesda, Md.] :
|b The Agency ;
|c [1996]
|
| 264 |
|
2 |
|a [Riverdale, Md.] :
|b [NOAA Distribution Branch, NC/G33, National Ocean Service, distributor],
|
| 300 |
|
|
|a 5 maps on 1 sheet :
|b color ;
|c 55 x 42 cm., or smaller, sheet 112 x 81 cm.
|
| 336 |
|
|
|a cartographic image
|b cri
|2 rdacontent
|
| 337 |
|
|
|a unmediated
|b n
|2 rdamedia
|
| 338 |
|
|
|a sheet
|b nb
|2 rdacarrier
|
| 500 |
|
|
|a Depths shown by isolines and soundings.
|
| 500 |
|
|
|a Relief shown by form lines and spot heights.
|
| 500 |
|
|
|a "From Chilean charts."
|
| 500 |
|
|
|a "Copyright 1996 by the United States Government. No copyright claimed under Title 17 U.S.C."
|
| 500 |
|
|
|a "Soundings in meters."
|
| 505 |
0 |
|
|a Caleta Mejillones del Norte and Caleta Buena. Scale 1:24,320 -- Rada de Arica. Scale 1:36,480 -- Caleta Abtao. Scale 1:20,000 -- Antofagasta. Scale 1:12,500 -- Tocopilla. Scale 1:24,320.
|
| 500 |
|
|
|a Includes tidal information.
|
| 500 |
|
|
|a Cartographic material.
|
| 650 |
|
0 |
|a Harbors
|z Chile
|x Maps.
|
| 651 |
|
0 |
|a Pacific Coast (Chile)
|
| 651 |
|
0 |
|a South Pacific Ocean
|x Navigation.
|
| 999 |
|
|
|a MARS
|
| 999 |
f |
f |
|s ba84b87c-dee3-3fc6-9d39-5a7d9e653ed0
|i 91c9caee-9b14-3180-acbb-4d20bc83d7ae
|t 0
|
| 952 |
f |
f |
|p normal
|a Texas A&M University
|b College Station
|c Sterling C. Evans Library
|d Evans: Maps (2nd floor)
|t 0
|e D 5.356:22221/996
|h Superintendent of Documents classification
|i unmediated -- sheet
|m A14823017950
|
| 998 |
f |
f |
|a D 5.356:22221/996
|t 0
|l Evans: Maps (2nd floor)
|